1534 1627 1866 1436 1022 1249 1373 1234 1076 1676 1245 1788 1991 1437 1040 1214 1517 1153 1966 1713 1247 1457 1452 1281 1014 1280 1753 1097 1076 1740 1233 1691 1796 1132 1434 1749 1808 1301 1897 1789 1540 1172 1138 1036 1804 1331 1730 1787 1867 1286 1764 1983 1240 1832 1868 1048 1689 1701 1489 1041 1513 1329 1395 1769 1033 1564 1090 1369 1832 1467 1821 1106 1735 1337 1544 1516 1752 1300 1961 1410 1123 1792 1521 1544 1361 1051 1527 1692 1965 1486 1408 1565 1848 1308 1933 1802 1692 1269 1754 BCNSPRNW ULIB Ver.6.0+V

เปลี่ยนเป็นภาษาไทย

Change to English
 แสดงรายละเอียดบรรณานุกรม
  กลับหน้าหลัก

Brief Record : Get Marc (ISO 2709) : E-mail record : QR code < ปิดหน้าต่าง
LEADER : 00000nam 2200000uu 4500
001    13399123692
003     ULIB
008    141106s2556||||th 000 0 tha d
020    ^a9786162711008
060    ^aWS205^bก721
100    ^aกมลวิช เลาประสพวัฒนา ;^eบรรณาธิการ
245    ^aกุมารเวชศาสตร์ฉุกเฉิน =^bPediatric Emergencies/^cบรรณาธิการ ; กมลวิช เลาประสพวัฒนา,นครินทร์ ตนคลัง,มณีรัตน์ ภูวนันท์และสมจิตร์ จารุรัตนศิริกุล
250    ^aพิมพ์ครั้งที่ 3
260    ^aสงขลา :^bหน่วยผลิตตำรา คณะแพทยศาสตร์ มหาวิทยาลัยสงขลานครินทร์,^c2556
300    ^a270 หน้า;^b29.5 ซม.
650    ^aกุมารเวชศาสตร์
650    ^aภาวะฉุกเฉน^xทารก
650    ^aภาวะฉุกเฉน^xเด็ก
650    ^aPeadiatric
650    ^aEmergencies^xin infancy&childhood
700    ^aนครินทร์ ตนคลัง ;^eบรรณาธิการ
700    ^aมณีรัตน์ ภูวนันท์ ;^eบรรณาธิการ
700    ^aสมจิตร์ จารุรัตนศิริกุล ;^eบรรณาธิการ
945    ^p300^l0^i036885
945    ^p300^l0^i036886
945    ^p300^l0^i036887
945    ^p300^l0^i036889
945    ^p300^l0^i036890
945    ^p300^l0^i036891
945    ^p300^l0^i036892
945    ^p300^l0^i036893
945    ^p300^l0^i036894
945    ^p300^l0^i036895
999    ^aเกษร โพธิ์สุวรรณ
รายการนี้ยังไม่มีแท็ก
คุณยังไม่ได้ล็อกอิน คุณสามารถมีกิจกรรมร่วมกับเว็บไซต์ได้ แต่ต้องล็อกอินก่อน ::
  ล็อกอิน

รายการสื่อสารสนเทศ

ลำดับที่ ประเภท เลขเรียก/บาร์โค้ด สถานที่ สถานะ
1. วิทยาศาสตร์การแพทย์ และสุขภาพ
หนังสือสำรอง
สถานะ=หนังสือสำรอง
WS205 ก721 ฉ.1 
  Barcode: 036885
ห้องสมุดวิทยาเขตสวรรค์ประชารักษ์
►ส่วนจัดเก็บหนังสือเก่า สปร
บนชั้น
  ขอยืม
2. วิทยาศาสตร์การแพทย์ และสุขภาพ
วิทยาศาสตร์การแพทย์ และสุขภาพ
WS205 ก721 ฉ.10 
  Barcode: 036895
ห้องสมุดวิทยาเขตสวรรค์ประชารักษ์
►ส่วนจัดเก็บหนังสือเก่า สปร
บนชั้น
  ขอยืม
3. วิทยาศาสตร์การแพทย์ และสุขภาพ
วิทยาศาสตร์การแพทย์ และสุขภาพ
WS205 ก721 ฉ.2 
  Barcode: 036886
ห้องสมุดวิทยาเขตสวรรค์ประชารักษ์
►ส่วนจัดเก็บหนังสือเก่า สปร
บนชั้น
  ขอยืม
4. วิทยาศาสตร์การแพทย์ และสุขภาพ
วิทยาศาสตร์การแพทย์ และสุขภาพ
WS205 ก721 ฉ.3 
  Barcode: 036887
ห้องสมุดวิทยาเขตสวรรค์ประชารักษ์
►ส่วนจัดเก็บหนังสือเก่า สปร
บนชั้น
  ขอยืม
5. วิทยาศาสตร์การแพทย์ และสุขภาพ
วิทยาศาสตร์การแพทย์ และสุขภาพ
WS205 ก721 ฉ.4 
  Barcode: 036889
ห้องสมุดวิทยาเขตสวรรค์ประชารักษ์
►ส่วนจัดเก็บหนังสือเก่า สปร
บนชั้น
  ขอยืม
6. วิทยาศาสตร์การแพทย์ และสุขภาพ
วิทยาศาสตร์การแพทย์ และสุขภาพ
WS205 ก721 ฉ.5 
  Barcode: 036890
ห้องสมุดวิทยาเขตสวรรค์ประชารักษ์
►ส่วนจัดเก็บหนังสือเก่า สปร
บนชั้น
  ขอยืม
7. วิทยาศาสตร์การแพทย์ และสุขภาพ
วิทยาศาสตร์การแพทย์ และสุขภาพ
WS205 ก721 ฉ.6 
  Barcode: 036891
ห้องสมุดวิทยาเขตสวรรค์ประชารักษ์
►ส่วนจัดเก็บหนังสือเก่า สปร
บนชั้น
  ขอยืม
8. วิทยาศาสตร์การแพทย์ และสุขภาพ
วิทยาศาสตร์การแพทย์ และสุขภาพ
WS205 ก721 ฉ.7 
  Barcode: 036892
ห้องสมุดวิทยาเขตสวรรค์ประชารักษ์
►ส่วนจัดเก็บหนังสือเก่า สปร
บนชั้น
  ขอยืม
9. วิทยาศาสตร์การแพทย์ และสุขภาพ
วิทยาศาสตร์การแพทย์ และสุขภาพ
WS205 ก721 ฉ.8 
  Barcode: 036893
ห้องสมุดวิทยาเขตสวรรค์ประชารักษ์
►ส่วนจัดเก็บหนังสือเก่า สปร
บนชั้น
  ขอยืม
10. วิทยาศาสตร์การแพทย์ และสุขภาพ
วิทยาศาสตร์การแพทย์ และสุขภาพ
WS205 ก721 ฉ.9 
  Barcode: 036894
ห้องสมุดวิทยาเขตสวรรค์ประชารักษ์
►ส่วนจัดเก็บหนังสือเก่า สปร
บนชั้น
  ขอยืม

รายการใกล้เคียง
    หัวเรื่อง [กุมารเวชศาสตร์]
    หัวเรื่อง [Peadiatric]

BibComment


ยังไม่เคยถูกคอมเมนท์

คอมเมนท์ทรัพยากรรายการนี้
  คอมเมนท์: กุมารเวชศาสตร์ฉุ..


 Copyright 2026. Bcnsprnw @Library